000 00713nam a2200241Ia 4500
003 OSt
005 20220926001104.0
006 a|||||r|||| 00| 0
007 ta
008 220923b |||||||| |||| 00| 0 eng d
037 _cGeneral Book
040 _aRTL
_cRTL
_beng
041 _2eng
_aeng
082 _aY9(W):6.2.N7, L4
100 _aKhare Brij B
245 0 _aIndia
_b Political attitudes and social change
260 _a New Delhi
_bLight and Life Publishers
_c1974
300 _axiii,264p
_ccm.
500 _aBibliography: p 229-253; Appendix: p 179-228
650 _aPolitical Sociology
942 _hY9(W):6.2.N7, L4
_cGB
_2CC
999 _c600415
_d600415